Famous Family Trees III Quiz Stats

 Plays Quiz Updated Dec 9, 2014

Challenge
Share
Tweet
Score 0/15 Timer 10:00
5 Plays Today
% Correct
Donald Duck
96.6%
John Lennon
94.8%
Will Smith
92.2%
Cinderella
83.7%
Pebbles Flintstone
80.3%
Katie Holmes
77%
King Arthur
76.9%
Chelsea Clinton
76.1%
% Correct
Adolf Hitler
74.4%
Tsar Nicholas II of Russia
51.7%
Muhammad
49.9%
George McFly
46.2%
Isis
38.1%
William Shakespeare
36.6%
Cosette
29.5%

You're not logged in!

Compare scores with friends on all Sporcle quizzes.
OR
Log In

You Might Also Like...

Show Comments

Extras

Top Quizzes Today


Score Distribution

Your Account Isn't Verified!

In order to create a playlist on Sporcle, you need to verify the email address you used during registration. Go to your Sporcle Settings to finish the process.

Report this User

Report this user for behavior that violates our Community Guidelines.

Details: